00373nam a2200121 4500008001300000020001800013082001800031100001800049245002200067260004500089300003500134650008200169779.092 G633 a9789584815736 a779.092bG633 aGomez, Sergio a1820 Geografías aColombiabMuseo Casa de la Memoriac2017 a64 p.bill (col)c25.5 x 19 cm xarte contemporáneoxarte - fotografíaxforografíasxarte - exhibiciones